00345nam a2200157Ia 45000010006000000050017000060080041000230410008000640820017000721000023000892450022001122600009001343000028001436500008001716540008001791573620260306170218.0260306t2008||||xx |||||||||||||| ||und|| aESP a604.2bCH547 aChevalier, A.eAUT 0aDibujo industrial c2008 a324 páginas :c24 cm. aGEN aCAU